| 000 | 01930nam a2200217Ia 4500 | ||
|---|---|---|---|
| 003 | Ost | ||
| 005 | 20260507075738.0 | ||
| 008 | 260507s9999||||xx |||||||||||||| ||und|| | ||
| 040 | _cfsecg | ||
| 041 | _aara | ||
| 082 | _a346.0482 | ||
| 100 |
_aبدر، أسامة أحمد _eمؤلف |
||
| 245 | 0 |
_aتداول المصنفات عبر الأنترنت : _bمشكلات وحلول في ضوء قانون حماية حقوق الملكية الفكرية رقم 82لسنة 2002 / _c أسامة أحمد بدر |
|
| 260 |
_aالاسكندرية: _bدار الجامعة الجديدة للنشر, _c2004 |
||
| 300 |
_a174 صفحة؛ _bإيضاحات ؛ _c24 سم |
||
| 490 | _aالمكتبة القانونية | ||
| 504 | _aببلوغرافيا: ص.154 قائمة المختصرات ص.173 | ||
| 520 | _aالحد من مكنات الحقوق الأدبية للمؤلف،أثر الترميز الرقمي للمصنف على الحقوق الأدبية للمؤلف،مكنات الحقوق الأدبية في ضوء المصنف الجماعي،مكنات الحقوق الأدبية والمصنف السمعي البصري،مكنات الحقوق الأدبية في ضوء الإقتباس من المصنف،أثر الترميز الرقمي للمصنف على الحقوق المالية للمؤلف،نطاق حق النسخ في ظل النشر الإلكتروني،تفضيل المنتجين لنموذج المصنف الجماعي،الحد من مبدأ المقابل النسبي للمؤلف،مدى فاعلية الحلول التقليدية والإدارة الجماعية،تحديد وتقسيم التردد حول ذاتية تشريعات حماية حقوق المؤلف،مبررات الإدارة الجماعية،مضمون الإدارة الجماعيةتقديرنا لفكرة الإدارة الجماعية | ||
| 653 | _aحقوق التأليف والنشر | ||
| 942 | _cكتاب | ||
| 999 |
_c46107 _d46107 |
||